Welcome to CU Library Online Public Access Catalogue (OPAC)

Abnormal psychology / (Record no. 3562)

MARC details
000 -LEADER
fixed length control field 00895cam a22002534a 4500
001 - CONTROL NUMBER
control field 14191185
005 - DATE AND TIME OF LATEST TRANSACTION
control field 20250207164747.0
008 - FIXED-LENGTH DATA ELEMENTS--GENERAL INFORMATION
fixed length control field 051206s2007 njua b 001 0 eng
020 ## - INTERNATIONAL STANDARD BOOK NUMBER
International Standard Book Number 9780471692386 (alk. paper)
020 ## - INTERNATIONAL STANDARD BOOK NUMBER
International Standard Book Number 0471692387 (alk. paper)
050 00 - LIBRARY OF CONGRESS CALL NUMBER
Classification number RC454
Item number .A243 2007
082 00 - DEWEY DECIMAL CLASSIFICATION NUMBER
Classification number 616.89
Edition information 22
245 00 - TITLE STATEMENT
Title Abnormal psychology /
Remainder of title Ann M. Kring ... [et al.].
250 ## - EDITION STATEMENT
Edition statement 10th ed.
260 ## - PUBLICATION, DISTRIBUTION, ETC.
Place of publication, distribution, etc. Hoboken, NJ :
Name of publisher, distributor, etc. J. Wiley,
Date of publication, distribution, etc. c2007.
300 ## - PHYSICAL DESCRIPTION
Extent 1 v. (various pagings) :
Other physical details ill. (chiefly col.) ;
Dimensions 28 cm.
650 #0 - SUBJECT ADDED ENTRY--TOPICAL TERM
Topical term or geographic name entry element Psychology, Pathological.
650 12 - SUBJECT ADDED ENTRY--TOPICAL TERM
Topical term or geographic name entry element Psychopathology.
650 22 - SUBJECT ADDED ENTRY--TOPICAL TERM
Topical term or geographic name entry element Mental Disorders.
700 1# - ADDED ENTRY--PERSONAL NAME
Personal name Kring, Ann M.
856 42 - ELECTRONIC LOCATION AND ACCESS
Materials specified Publisher description
Uniform Resource Identifier <a href="http://www.loc.gov/catdir/enhancements/fy0645/2005056738-d.html">http://www.loc.gov/catdir/enhancements/fy0645/2005056738-d.html</a>
856 41 - ELECTRONIC LOCATION AND ACCESS
Materials specified Table of contents only
Uniform Resource Identifier <a href="http://www.loc.gov/catdir/enhancements/fy0645/2005056738-t.html">http://www.loc.gov/catdir/enhancements/fy0645/2005056738-t.html</a>
942 ## - ADDED ENTRY ELEMENTS (KOHA)
Source of classification or shelving scheme Library of Congress Classification
Koha item type Books
Edition 10th ed.
Suppress in OPAC No
999 ## -
-- 3562
-- 3562
Holdings
Withdrawn status Lost status Source of classification or shelving scheme Damaged status Not for loan Collection Home library Current library Shelving location Date acquired Total checkouts Full call number Barcode Date last seen Copy number Price effective from Koha item type
    Library of Congress Classification     Non-fiction Science Library (Miotso) Science Library (Miotso) General stacks 02/07/2025   RC454 .A243 ABN SLM00002996 02/07/2025 1 02/07/2025 Books
© 2023-2024 Copyright: Central University Libraries. All Rights Reserved | Created by: Mahone Tech Office